00686nam a2200217Ia 4500008004100000020002500041100001800066245010000084250001200184260004800196300003200244500001900276504004000295500001900335650003200354650003100386700002400417003000100441005001700442040000900459  a9780750662178 (pbk.)1 aKirton, Gill.14aThe dynamics of managing diversity :ba critical approach /cGill Kirton and Anne-Marie Greene. a2nd ed. aAmsterdam :b Butterworth-Heinemann,c2005. avii,308 p.:bill. ;c24 cm. aIncludes Index aIncludes bibliographical references aIncludes Index 0aDiversity in the workplace. 0aDiversity in the workplace1 aGreene, Anne Marie.20230123125014.0 cNUST